| 000 -Record Label |
| fixed length control field |
00789nam a2200265 4500 |
| 005 - Version Identifier |
| control field |
20160625165637.0 |
| 021 ## - Legal Deposit Number |
| Country Code |
PT |
| Number |
211595/04 |
| 035 ## - Other System Control Numbers |
| System Control Number |
ANCRS_161.iso/07-09-2009/2493 |
| 035 ## - Other System Control Numbers |
| System Control Number |
0002556 |
| 100 ## - General Processing Data |
| General Processing Data |
20070925g2004 c y0pory5003 ba |
| 105 ## - Coded Data Field: Textual Material, Monographic |
| Monograph Coded Data |
a z 001yy |
| 106 ## - Coded Data Field: Textual Material - Physical Attributes |
| Textual Material Coded Data Physical Medium Designator |
r |
| 200 1# - Title and Statement of Responsibility |
| Title Proper |
Era uma vez o corpo humano 3 |
| Other Title Information |
A respiração |
| First Statement of Responsibility |
ed.lit. Alexandra P. Dias, Antonieta Miranda |
| 210 ## - Publication, Distribution, etc. |
| Place of Publication, Distribution, etc. |
Lisboa |
| Name of Publisher, Distributor, etc. |
Planeta-Agostini |
| Date of Publication, Distribution, etc. |
cop.1991 |
| 215 ## - Physical Description |
| Specific Material Designation and Extent of Item |
27, [2] p. |
| Dimensions |
27 cm |
| 225 2# - Series |
| Series Title |
Era uma vez o corpo humano |
| Volume Designation |
3 |
| 600 ## - Personal Name Used as Subject |
| Entry Element |
ed.lit. Alexandra P. Dias, Antonieta Miranda |
| 601 ## - Corporate Body Name Used as Subject |
| Entry Element |
Planeta-Agostini |
| 675 ## - Universal Decimal Classification (UDC) |
| Number |
087.5 |
| Edition |
BN |
| Language of Edition |
por |
| 701 #1 - Personal Name - Alternative Responsibility |
| Entry Element |
Dias |
| Part of Name Other than Entry Element |
Alexandra P. |
| Relator Code |
340 |
| 701 #1 - Personal Name - Alternative Responsibility |
| Entry Element |
Miranda |
| Part of Name Other than Entry Element |
Antonieta |
| Relator Code |
340 |
| 801 #0 - Originating Source |
| Country |
PT |
| Agency |
ANCRS |
| Cataloguing Rules (Descriptive Conventions) |
RPC |
| 090 ## - System Control Numbers (Koha) |
| Koha biblioitem number (autogenerated) |
953 |
| 942 ## - ADDED ENTRY ELEMENTS (KOHA) |
| Koha item type |
Books |